Countries in the Tropics - Statistics

General Stats
  • This quiz has been taken 123 times
    95 since last reset
  • The average score is 71 of 87
Answer Stats
Answer % Correct
Kenya
90%
Gabon
89%
Guyana
88%
Jamaica
88%
Nigeria
88%
Venezuela
88%
Cuba
86%
Dominican Republic
86%
Fiji
86%
Panama
86%
Peru
86%
Republic of the Congo
86%
Tanzania
86%
Trinidad and Tobago
86%
Bolivia
85%
Colombia
85%
Ethiopia
85%
Guatemala
85%
Haiti
85%
Honduras
85%
Malaysia
85%
Marshall Islands
85%
Papua New Guinea
85%
Philippines
85%
Rwanda
85%
Vanuatu
85%
Zambia
85%
Angola
83%
Barbados
83%
Dominica
83%
East Timor
83%
Ecuador
83%
Laos
83%
Suriname
83%
Tuvalu
83%
Vietnam
83%
Zimbabwe
83%
Belize
82%
Burundi
82%
Cambodia
82%
Cameroon
82%
Chad
82%
Indonesia
82%
Mauritius
82%
Thailand
82%
Uganda
82%
Costa Rica
81%
El Salvador
81%
Equatorial Guinea
81%
Ghana
81%
Guinea
81%
Micronesia
81%
Nicaragua
81%
Samoa
81%
Senegal
81%
Singapore
81%
Somalia
81%
South Sudan
81%
Benin
79%
Gambia
79%
Grenada
79%
Palau
79%
Seychelles
79%
St Kitts and Nevis
79%
St Vincent and the Grenadines
79%
Togo
79%
Antigua and Barbuda
78%
Brunei
78%
Comoros
78%
Cote D'ivoire
78%
Djibouti
78%
Eritrea
78%
Guinea-Bissau
78%
Maldives
78%
St Lucia
78%
Kiribati
76%
Nauru
76%
Solomon Islands
76%
Sri Lanka
76%
Burkina Faso
75%
Sierra Leone
75%
Sudan
75%
Yemen
74%
Liberia
72%
Malawi
72%
C.A.R
69%
DRC
57%
No matching quizzes found
Score Distribution
Percent of People with Each Score
Percentile by Number Answered
Your Score History
You have not taken this quiz since the last reset